000 005230000a22001810004500
003 MACL
005 20160305171751.0
008 160305b xxu||||| |||| 00| 0 eng d
040 _aMACL
_cMACL
041 _aHindi
082 _a891.432
100 _aगोविंदवल्‍लभ पंत
_943320
245 _aतुलसीदास
260 _bभारतीय साहित्‍य प्रकाशन
_c1974
_aमेरठ
350 _a6
650 _aDrama
_943321
942 _cHIN
_k891.432
_2ddc
999 _c26534
_d26534